Economy and Regional Cooperation of Nordic Countries
Historický vývoj, prírodné podmienky a prírodné zdroje severských krajín. Charakteristika severských ekonomík. Regionálna spolupráca severských krajín: Severská rada (Nordic Council), Severská rada ministrov a Spolupráca severských a baltických krajín (Nordic-Baltic cooperation).
Na minha lista:
| Autor principal: | |
|---|---|
| Outros Autores: | |
| Formato: | Capítulo de Livro |
| Idioma: | inglês |
| Assuntos: | |
| Tags: |
Sem tags, seja o primeiro a adicionar uma tag!
|
MARC
| LEADER | 00000naa$a2200000$$$4500 | ||
|---|---|---|---|
| 001 | 0208758 | ||
| 005 | 20240502073452.9 | ||
| 041 | 0 | |a eng | |
| 044 | |a SK | ||
| 245 | 1 | 0 | |a Economy and Regional Cooperation of Nordic Countries |c Jana Tánczosová, Viera Gavaľová |
| 520 | |a Historický vývoj, prírodné podmienky a prírodné zdroje severských krajín. Charakteristika severských ekonomík. Regionálna spolupráca severských krajín: Severská rada (Nordic Council), Severská rada ministrov a Spolupráca severských a baltických krajín (Nordic-Baltic cooperation). | ||
| 610 | 2 | 0 | |a zdroje prírodné |
| 610 | 2 | 0 | |a spolupráca regionálna |
| 100 | 1 | |a Tánczosová, Jana | |
| 700 | 1 | |a Gavaľová, Viera | |